Zastúpenie slovenskej hudby Skončil sa 14. medzinárodný organový festival v Košiciach

Bibliographic Details
Main Author: Urbančíková, Lýdia, 1942- (Author)
Format: Article
Language:Slovak
Subjects:

MARC

LEADER 00000nab a2200000 a 4500
001 vtls000182887
003 SK-MaSNL
005 20260302202127.0
008 111106c1984 xo 0 slo
015 |a SNBRB19rr/mm-uuuuu 
035 |a CL0193000 
040 |a SNKBUCL  |b slo  |c SNKBUCL  |e AACR2 
041 0 |a slo 
044 |a xo  |c SK 
080 |a 78.091.4:786.6  |2 1981 
080 |a 786.6  |2 1981 
100 1 |a Urbančíková, Lýdia,  |d 1942-  |4 aut  |9 26881 
245 1 0 |a Zastúpenie slovenskej hudby  |b Skončil sa 14. medzinárodný organový festival v Košiciach  |c Lýdia Urbančíková 
650 0 7 |a Medzinárodný organový festival 1984, Košice  |2 snkbucl  |9 923490 
651 7 |a 5403  |2 snkbucl  |9 893808 
655 7 |a články z novín a časopisov  |2 snkbucl  |9 267496 
773 0 |t Pravda  |g Roč. 65, č. 125 (29. 5. 1984), s. 5 
850 |a Slovenská národná knižnica v Martine  |a MTA001 
852 |a SNK  |b KIS3GCP 
958 |a RK 
992 |a RBX 
999 |c 1463513  |d 1465443